Sports Quiz

Random Sports or University Quiz
Score 0/20 Timer 07:00
0 Plays Today
Hint Answer % Correct
StateIndiana
79.3%
Team ColorCream
79%
NicknameHoosiers
29.6%
Team ColorCrimson
24.1%
CityBloomington
19.5%
Primary RivalPurdue
17.6%
ConferenceBig 10
15.2%
Famous Alum: PG Isiah ____Thomas
11.6%
Famous Alum: PF/C ______ McGinnisGeorge
11.2%
No. of Men's Varsity Sports10
10.7%
Hint Answer % Correct
No. of Women's Varsity Sports12
10.3%
Primary RivalIllinois
9%
Famous Alum: Swimmer ______ SpitzMark
8.7%
Primary RivalKentucky
8.4%
Athletic DirectorFred Glass
7.2%
Basketball ArenaSimon Skjodt Assembly Hall
7.1%
Sport w/ most NCAA ChampionshipsMen's Soccer (8)
7%
Football StadiumMemorial Stadium
5.8%
Baseball StadiumBart Kaufman Field
3.8%
Fight SongIndiana, Our Indiana
3.5%
Remove Ads.
Support Sporcle.
Get the best of Sporcle when you Go Orange. This ad-free experience offers more features, more stats, and more fun while also helping to support Sporcle. Thank you for becoming a member.

You're not logged in!

Compare scores with friends on all Sporcle quizzes.
OR
Log In

Show Comments

Extras

Top Quizzes Today


Score Distribution

Your Account Isn't Verified!

In order to create a playlist on Sporcle, you need to verify the email address you used during registration. Go to your Sporcle Settings to finish the process.

Report this User

Report this user for behavior that violates our Community Guidelines.

Details: